| 000 | 00622cam a2200229 4500 | ||
|---|---|---|---|
| 008 | 090401t1992 xxu||||| |||| 00| 0 eng d | ||
| 020 | _a0750602260 | ||
| 035 | _a(Sirsi) u43176 | ||
| 041 | _aeng | ||
| 050 | _a690.25 | ||
| 100 | _aAddleson, L. | ||
| 245 | _aBuilding failures: a guide to diagnosis, remedy and prevention. | ||
| 250 | _a3rd ed. | ||
| 260 |
_aOxford _bButterworth Architecture _c1992 |
||
| 300 | _a167p. : ill. ; 30cm. | ||
| 350 | _a35 | ||
| 650 | _aBUILDING DEFECTS | ||
| 650 | _aSURVEYING INSTRUMENTS | ||
| 690 | _aBUILT ENVIRONMENT-BUILDING PATHOLOGY | ||
| 942 | _n0 | ||
| 948 | _c04/03/1997 | ||
| 999 |
_c91262 _d91262 |
||